| 000 | 01476nam1a2200325 4500 | ||
|---|---|---|---|
| 001 | RU\NLR\bibl\802042 | ||
| 005 | 20260408161250.0 | ||
| 035 | _a(NLR Aleph) 000791209 | ||
| 090 |
_a1122897 _c1122897 |
||
| 100 | _a20260201 rusy50 | ||
| 101 | 0 | _arus | |
| 102 | _aRU | ||
| 105 | _a||||z ||||| | ||
| 200 | 1 |
_aИнтерпретация текста _e[пособие] _fС.И. Айларова, Г.М. Засеева _gМ-во образования Рос. Федерации, Сев.-Осет. гос. ун-т им. К.Л. Хетагурова |
|
| 210 |
_aВладикавказ _cИзд-во Северо-Осетинского государственного университета _d2004 |
||
| 215 | _d20 | ||
| 463 | 0 | _1001748832 | |
| 606 |
_aИнтерпретация (лит.) _jРуководства, пособия и т.п. для высшей школы _3RU\NLR\auth\66268759 _91386123 |
||
| 606 |
_aИнтерпретация (лит.) _jУчебные издания для высших учебных заведений _3RU\NLR\auth\66268759 _91386123 |
||
| 686 | _aШ4в6 | ||
| 700 | 1 |
_aАйларова _bС. И. _gСветлана Измайловна _4070 |
|
| 701 | 1 |
_aЗасеева _bГ. М. _gГалина Михайловна _4070 |
|
| 801 | 0 |
_aRU _bNLR _c20050520 _gPSBO |
|
| 801 | 1 |
_aRU _bNLR _c20050520 |
|
| 830 | _aпо кн | ||
| 852 |
_aNLR _j2005-4/17830 |
||
| 942 | _cBOOK | ||
| 980 | _aNB | ||